书目信息 |
| 题名: |
李缵绪学术文选
|
|
| 作者: | 李缵绪 著 | |
| 分册: | ||
| 出版信息: | 昆明 云南人民出版社 2015 |
|
| 页数: | 302页 | |
| 开本: | 24cm | |
| 丛书名: | 云南文库·学术名家文丛 | |
| 单 册: | ||
| 中图分类: | K28-53 | |
| 科图分类: | ||
| 主题词: | 民族文化--中国--文集 | |
| 电子资源: | ||
| ISBN: | 978-7-222-12798-2 | |
| 000 | 01295oam2 2200253 450 | |
| 001 | 012001004033 | |
| 005 | 20140928162348.0 | |
| 010 | @a978-7-222-12798-2@dCNY70.00 | |
| 100 | @a20160109d2015 em y0chiy50 ea | |
| 101 | 0 | @achi |
| 102 | @aCN@b530000 | |
| 105 | @ay z 000yy | |
| 106 | @ar | |
| 200 | 1 | @a李缵绪学术文选@9li zuan xu xue shu wen xuan@e民族文化新论@f李缵绪著 |
| 210 | @a昆明@c云南人民出版社@c云南大学出版社@d2015 | |
| 215 | @a302页@d24cm | |
| 225 | 1 | @a云南文库·学术名家文丛@f张瑞才主编 |
| 330 | @a本书收录了少数民族文化与中国文化、学习列宁两种文化学说的一点认识、不灭的真理之光、民族文学研究的昨天今天和明天、民族民间文学研究崛起的年代、话说二十一世纪的世界文化、驳民族虚无主义、适应时代潮流的战略决策、论原始歌谣的起源、民间文学的奇花异朵、从神界看人界、古代歌颂藏汉友谊的不朽诗篇、谈谈傣族诗歌的美、谈谈叙事长诗《阿诗玛》的几个问题、白族历史文化简论、白族文化史上的三次辉煌、谈谈建设大理的特色文化、关于白族神话的内涵、外延及其分期、分类诸问题、《白族“打歌”考略》质疑、白族“打歌”及作品与分析、白族的火崇拜和火文化、辨析等民族文化新理论。 | |
| 461 | 0 | @12001 @a云南文库·学术名家文丛 |
| 606 | 0 | @a民族文化@y中国@j文集 |
| 690 | @aK28-53@v5 | |
| 701 | 0 | @a李缵绪@9li zuan xu@f(1933-)@4著 |
| 801 | 0 | @aCN@b上海新华@c20180901 |
| 905 | @b1164132-6@dK28-53@e124@f5 | |
| 李缵绪学术文选:民族文化新论/李缵绪著.-昆明:云南人民出版社:云南大学出版社,2015 |
| 302页;24cm.-(云南文库·学术名家文丛/张瑞才主编) |
| ISBN 978-7-222-12798-2:CNY70.00 |
| 本书收录了少数民族文化与中国文化、学习列宁两种文化学说的一点认识、不灭的真理之光、民族文学研究的昨天今天和明天、民族民间文学研究崛起的年代、话说二十一世纪的世界文化、驳民族虚无主义、适应时代潮流的战略决策、论原始歌谣的起源、民间文学的奇花异朵、从神界看人界、古代歌颂藏汉友谊的不朽诗篇、谈谈傣族诗歌的美、谈谈叙事长诗《阿诗玛》的几个问题、白族历史文化简论、白族文化史上的三次辉煌、谈谈建设大理的特色文化、关于白族神话的内涵、外延及其分期、分类诸问题、《白族“打歌”考略》质疑、白族“打歌”及作品与分析、白族的火崇拜和火文化、辨析等民族文化新理论。 |
| ● |
| 相关链接 |
|
|
|
|
正题名:李缵绪学术文选
索取号:K28-53/124
 
预约/预借
| 序号 | 登录号 | 条形码 | 馆藏地/架位号 | 状态 | 备注 |
| 1 | 1164132 | 211641320 | 第二样本阅览室/ [索取号:K28-53/124] | 在馆 | |
| 2 | 1164133 | 211641339 | 第二借阅区/ [索取号:K28-53/124] | 在馆 | |
| 3 | 1164134 | 211641348 | 密集书库-史法系/ [索取号:K28-53/124] | 在馆 | |
| 4 | 1164135 | 211641357 | 第二借阅区/ [索取号:K28-53/124] | 在馆 | |
| 5 | 1164136 | 211641366 | 第二借阅区/ [索取号:K28-53/124] | 在馆 |